NBA True Or False - Statistics

General Stats
  • This quiz has been taken 60 times
  • The average score is 8 of 10
Answer Stats
Question Answer % Correct
Lebron James has more triple doubles than Nikola Jokic. False
100%
Steve Nash is top 10 in assists. True
100%
Charles Barkley has never won a ring. True
88%
John Stockton has the most career assists and steals. True
88%
Dwayne Wade wore 3 as his jersey number. True
88%
Lebron James has worn 3 jersey numbers. False
75%
Shaquille O'Neal always wore a number in the 30's. True
63%
Jimmy butler is top 50 in triple doubles. True
63%
Brook Lopez is top 20 in blocks. False
50%
Hakeem Olajuwon is top 10 in rebounds. False
38%
No matching quizzes found
Score Distribution
Percent of People with Each Score
Percentile by Number Answered
Your Score History
You have not taken this quiz